Govt. of
Madhya Pradesh

THE GUDDEB SPLENDOR Discovering Your Inner Beauty (Record no. 67419)

MARC details
000 -LEADER
fixed length control field 00268nam a22001097a 4500
082 ## - DEWEY DECIMAL CLASSIFICATION NUMBER
Classification number 100
100 ## - MAIN ENTRY--AUTHOR NAME
Personal name OSHO
245 ## - TITLE STATEMENT
Title THE GUDDEB SPLENDOR Discovering Your Inner Beauty
260 ## - PUBLICATION, DISTRIBUTION, ETC. (IMPRINT)
Place of publication Mumbai
Name of publisher Jaico Publishing House
Year of publication 2024
650 ## - SUBJECT ADDED ENTRY--TOPICAL TERM
Topical Term Philosophy
942 ## - ADDED ENTRY ELEMENTS (KOHA)
Koha item type Books
Holdings
Withdrawn status Lost status Damaged status Not for loan Home library Current library Date acquired Cost, normal purchase price Full call number Accession Number Price effective from Koha item type
        MACL MACL 22/10/2024 650.00 100 DPI002787 22/10/2024 Books